Sports Quiz

Random Sports or Grab Bag Quiz
Score 0/21 Timer 08:00
0 Plays Today
Question Answer Wrong Answers
Cricket
Which of these nations is NOT a full member of the International Cricket Council?
Canada
80.6%
New Zealand
3.2%
India
6.6%
South Africa
8.2%
Football
Which of these referee signals indicates a safety has been scored?
Safety
79.7%
Holding
6.6%
TD or FG
8%
Offside
4.1%
Soccer
Which of these images represents the nickname of England's national team?
Three Lions
77.2%
Orange
5.4%
The Pirate Ship
8%
Eagle Owls
5.4%
NCAA
Which of these images represents the longest running postseason bowl game?
Rose
77%
Sugar
5.8%
Cotton
9.5%
Gator
4.6%
Hockey
Which of these players has had their jersey number (99) retired across the entire NHL?
Gretzky
73.6%
Howe
10.6%
Lemieux
8.2%
Ovechkin
5.2%
Baseball
Which of these stadiums is Wrigley Field?
Wrigley
73.1%
Fenway
16.3%
Citi
3.5%
Kaufman
6.6%
Premier League
Which of these 'Big Six' clubs has yet to win a championship since the foundation of the Premier League in 1992?
Tottenham Hotspur
72%
Manchester United
4.7%
Chelsea
7.9%
Arsenal
11.4%
Rugby
Which of these colors is in the name of New Zealand's legendary national rugby union team?
Black
71.6%
Gray
6.6%
Red
8.9%
Blue
8.9%
NBA
Which of these players is the NBA's all-time leading point scorer?
Kareem Abdul-Jabbar
67.4%
Karl Malone
7.3%
Shaquille O'Neal
4.9%
Kobe Bryant
17.5%
NHL
Which of these teams is NOT one of the NHL's 'Original Six' franchises?
Penguins
64.7%
Maple Leafs
13.4%
Red Wings
11.1%
Bruins
7.3%
Sports Teams
Which of these logos represents the team with the most championships in any of the 'Big 4' American sports leagues?
Yankees
64%
Canadiens
11.4%
Celtics
16.8%
Packers
3.6%
Golf
Which of these golfers is the all-time leader in major championships?
Jack Nicklaus
63.8%
Tiger Woods
25.4%
Tom Watson
4%
Phil Mickelson
4.9%
World Cup
Which of these players is the only person credited with three World Cup wins?
Pele
63%
Zidane
8.9%
Maradona
16.7%
Klose
7%
Auto Racing
Which of these multiple time NASCAR champions is/was nicknamed 'The Intimidator?'
Dale Earnhardt
61.2%
Jimmie Johnson
9.7%
Richard Petty
21.4%
Jeff Gordon
7.1%
WWE
Which of these WWE wrestlers became legendary for his '3:16' promo after winning the King of the Ring tournament?
Steve Austin
59.9%
CM Punk
5.7%
The Rock
18.4%
Brock Lesnar
11.5%
MLB
Which of these players has BOTH 500 home runs and 3,000 hits?
Willie Mays
55.2%
Cal Ripken
9%
Frank Robinson
18.5%
Mike Schmidt
14.3%
NFL
Which of these quarterbacks has won multiple Super Bowl MVP awards?
Joe Montana
54.1%
Troy Aikman
7.2%
Ben Roethlisberger
8.4%
Peyton Manning
27.1%
Olympics
Which of these cities has NOT hosted multiple Summer Olympic games?
Berlin
48.7%
London
12.7%
Paris
26.2%
Athens
8.8%
March Madness
Which of these logos represents the school with the most combined men's and women's basketball titles?
UConn (15)
41.3%
UCLA (11)
35.7%
Tennessee (8)
6.5%
North Carolina (7)
14%
Tennis
Which of these women's tennis stars does NOT have a Career Grand Slam?
Monica Seles
35.1%
Serena Williams
4.2%
Maria Sharapova
49.8%
Martina Navratilova
6.5%
Basketball
Which of these players was on both the 1992 and 1996 Olympic 'Dream Teams?'
David Robinson
29.2%
Michael Jordan
54.1%
Reggie Miller
8.2%
Larry Bird
7.9%
Remove Ads.
Support Sporcle.
Get the best of Sporcle when you Go Orange. This ad-free experience offers more features, more stats, and more fun while also helping to support Sporcle. Thank you for becoming a member.

You're not logged in!

Compare scores with friends on all Sporcle quizzes.
OR
Log In

Show Comments

Extras

Top Quizzes Today


Score Distribution

Your Account Isn't Verified!

In order to create a playlist on Sporcle, you need to verify the email address you used during registration. Go to your Sporcle Settings to finish the process.

Report this User

Report this user for behavior that violates our Community Guidelines.

Details: